[Event "Aegean op 46th"]
[Site "Aghios Kirykos"]
[Date "2023.07.10"]
[Round "2"]
[White "Nikolaou, Spiridon"]
[Black "Tsalamagkakis, Ilias"]
[Result "1-0"]
[WhiteElo "2180"]
[BlackElo "1811"]
[PlyCount "69"]
[EventDate "2023.07.09"]
[EventType "swiss"]
[EventRounds "9"]
[EventCountry "GRE"]
[SourceTitle "CBM 215 Extra"]
[Source "ChessBase"]
[SourceDate "2023.09.30"]
[SourceVersion "1"]
[SourceVersionDate "2023.09.30"]
[SourceQuality "1"]

1. d4 d5 2. c4 c6 3. Nf3 Nf6 4. e3 Bf5 5. Bd3 Bxd3 6. Qxd3 e6 7. Nc3 Bb4 8. 0-0 0-0 9. Ne2 Nbd7 10. Qb3 Qb6 11. c5 Qb5 12. Qc2 Ba5 13. Rb1 Bc7 14. Nc3 Qa6 15. b4 e5 16. b5 cxb5 17. Nxb5 Bb8 18. dxe5 Nxe5 19. Nxe5 Bxe5 20. Qf5 Qxa2 21. Rb4 Rfe8 22. f4 Bb8 23. Bb2 Qa6 24. Bxf6 Qxf6 25. Qxf6 gxf6 26. Nc3 Rc8 27. Na4 Rc7 28. Rfb1 b6 29. cxb6 axb6 30. Nxb6 Ra5 31. Rd1 Rc2 32. Nxd5 Ba7 33. Rbb1 Raa2 34. Kh1 Kf8 35. Nb4 1-0

[Event "Chalkida Evoiki op 5th"]
[Site "Chalkida"]
[Date "2023.01.07"]
[Round "5"]
[White "Giannoulis, Grigorios"]
[Black "Nikolaou, Spiridon"]
[Result "1-0"]
[WhiteElo "1794"]
[BlackElo "2175"]
[PlyCount "122"]
[EventDate "2023.01.05"]
[EventType "swiss"]
[EventRounds "7"]
[EventCountry "GRE"]
[SourceTitle "CBM 212 Extra"]
[Source "ChessBase"]
[SourceDate "2023.03.31"]
[SourceVersion "1"]
[SourceVersionDate "2023.03.31"]
[SourceQuality "1"]

1. e4 d6 2. d4 Nf6 3. Nc3 g6 4. Be3 Bg7 5. Qd2 a6 6. f3 b5 7. h4 Bb7 8. Bh6 Bxh6 9. Qxh6 Nbd7 10. Nh3 e5 11. 0-0-0 Qe7 12. Qe3 h5 13. Kb1 Nb6 14. a3 exd4 15. Qxd4 Qe5 16. Be2 Qxd4 17. Rxd4 Rd8 18. Re1 0-0 19. Nf4 Rfe8 20. Red1 Bc6 21. Bf1 Rb8 22. Kc1 Kg7 23. R1d2 Nfd7 24. Rd1 Ne5 25. b3 Nbd7 26. Ncd5 Bxd5 27. Nxd5 Rb7 28. Ne3 Nc6 29. R4d2 Nc5 30. Kb2 f5 31. Bd3 fxe4 32. fxe4 Nxe4 33. Re2 Nd4 34. Bxe4 Rxe4 35. Nf5+ gxf5 36. Rxe4 fxe4 37. Rxd4 Kf6 38. Rxe4 Kf5 39. Rd4 Rb8 40. a4 Re8 41. axb5 axb5 42. g3 Ke5 43. Rf4 c5 44. Rf7 Ke4 45. Rf4+ Ke5 46. Rf7 Rg8 47. Rh7 Rxg3 48. Rxh5+ Kd4 49. Rh8 b4 50. h5 Rh3 51. h6 d5 52. h7 Rh6 53. Kb1 Rh2 54. Kb2 Rh1 55. Ka2 Rh3 56. Kb2 Rh6 57. Kb1 c4 58. bxc4 Kc3 59. cxd5 Rh1+ 60. Ka2 Kd4 61. d6 Kd5 1-0

[Event "Chalkida Evoiki op 5th"]
[Site "Chalkida"]
[Date "2023.01.06"]
[Round "2"]
[White "Kyriakidis, Orestis"]
[Black "Nikolaou, Spiridon"]
[Result "1-0"]
[WhiteElo "1692"]
[BlackElo "2175"]
[PlyCount "139"]
[EventDate "2023.01.05"]
[EventType "swiss"]
[EventRounds "7"]
[EventCountry "GRE"]
[SourceTitle "CBM 212 Extra"]
[Source "ChessBase"]
[SourceDate "2023.03.31"]
[SourceVersion "1"]
[SourceVersionDate "2023.03.31"]
[SourceQuality "1"]

1. d4 Nf6 2. Nf3 d6 3. g3 g6 4. Bg2 Bg7 5. 0-0 0-0 6. c4 Nc6 7. d5 Na5 8. Na3 c5 9. Re1 a6 10. e4 Nd7 11. Rb1 b5 12. b3 Rb8 13. Bd2 Nf6 14. Qc1 e5 15. Nh4 Nh5 16. Bh6 bxc4 17. Bxg7 Kxg7 18. bxc4 Bd7 19. Qc3 Qc7 20. Nc2 Nf6 21. f4 Ba4 22. fxe5 dxe5 23. Ne3 Nb7 24. Qd3 Bd7 25. Rb2 Nd6 26. Rf2 Ng4 27. Nxg4 Bxg4 28. Nf3 Bxf3 29. Qxf3 f6 30. Qc3 Rb4 31. Bf1 Qd7 32. a3 Ra4 33. Rb2 Qc7 34. Bd3 Qa5 35. Qxa5 Rxa5 36. Rb3 Ra4 37. Rc1 f5 38. Rb6 Rd8 39. Rc3 Rd7 40. Kf2 fxe4 41. Be2 h5 42. Ke3 Kf7 43. Rc6 Ra5 44. g4 hxg4 45. Bxg4 Rd8 46. Rxd6 Rxd6 47. Kxe4 Rb6 48. Kxe5 Rb2 49. d6 Rd2 50. Rf3+ Ke8 51. d7+ Ke7 52. Rh3 Ra4 53. Rh7+ Kf8 54. Rh8+ Kg7 55. d8Q Rxd8 56. Rxd8 Rxc4 57. Be6 Rc3 58. a4 Re3+ 59. Kd6 Rd3+ 60. Kc7 Ra3 61. Bd7 Kf6 62. Bc6 c4 63. Rd1 Ke5 64. Kb6 c3 65. a5 c2 66. Rc1 Ra2 67. Be8 Kf6 68. Kxa6 Rb2 69. Ba4 Ra2 70. Bxc2 1-0

[Event "GRE-chT 48th"]
[Site "Athens"]
[Date "2021.09.10"]
[Round "5.5"]
[White "Poulos, Georgios"]
[Black "Nikolaou, Spiridon"]
[Result "0-1"]
[WhiteElo "1842"]
[BlackElo "2184"]
[PlyCount "110"]
[EventDate "2021.09.07"]
[EventType "team-swiss"]
[EventRounds "7"]
[EventCountry "GRE"]
[SourceTitle "CBM 204 Extra"]
[Source "ChessBase"]
[SourceDate "2021.11.30"]
[SourceVersion "1"]
[SourceVersionDate "2021.11.30"]
[SourceQuality "1"]
[WhiteTeam "Kallytheas"]
[BlackTeam "Peukees"]
[WhiteTeamCountry "GRE"]
[BlackTeamCountry "GRE"]

1. e4 e5 2. Nf3 Nc6 3. Bc4 Nf6 4. Ng5 d5 5. exd5 Na5 6. Bb5+ Bd7 7. Qe2 Be7 8. Nf3 0-0 9. Nc3 Bd6 10. Bxd7 Qxd7 11. d3 c6 12. dxc6 Nxc6 13. Bg5 Ne8 14. 0-0-0 f6 15. Be3 Qf7 16. d4 Bb4 17. d5 Nd8 18. Qc4 a5 19. Ne4 Qd7 20. d6+ Nf7 21. a3 Rc8 22. Qb3 Bxd6 23. Bc5 Rc6 24. Rd2 Qc7 25. Bxd6 Nexd6 26. Nxd6 Rxd6 27. Rxd6 Qxd6 28. Qxb7 Rb8 29. Qe4 Qb6 30. b3 Qxf2 31. Nd2 Qc5 32. Nc4 Nd6 33. Nxd6 Qxa3+ 34. Kb1 Qxd6 35. Qc4+ Kh8 36. h4 Qb4 37. Qxb4 axb4 38. Rd1 h5 39. Kb2 Kh7 40. c4 bxc3+ 41. Kxc3 Rc8+ 42. Kb2 Kg6 43. Rd7 e4 44. b4 Kf5 45. Rxg7 Kf4 46. Re7 Rg8 47. Kc3 Rxg2 48. b5 Rg1 49. b6 Rb1 50. b7 f5 51. Kd4 Kf3 52. Ke5 f4 53. Kf5 e3 54. Kg6 e2 55. Kxh5 Rxb7 0-1

[Event "GRE-chT 48th"]
[Site "Athens"]
[Date "2021.09.08"]
[Round "2.5"]
[White "Nikolaou, Spiridon"]
[Black "Pandavos, Panayotis"]
[Result "1/2-1/2"]
[WhiteElo "2184"]
[BlackElo "2119"]
[PlyCount "53"]
[EventDate "2021.09.07"]
[EventType "team-swiss"]
[EventRounds "7"]
[EventCountry "GRE"]
[SourceTitle "CBM 204 Extra"]
[Source "ChessBase"]
[SourceDate "2021.11.30"]
[SourceVersion "1"]
[SourceVersionDate "2021.11.30"]
[SourceQuality "1"]
[WhiteTeam "Peukees"]
[BlackTeam "Ames Neas Erythreas"]
[WhiteTeamCountry "GRE"]
[BlackTeamCountry "GRE"]

1. d4 f5 2. e4 fxe4 3. Nc3 Nf6 4. Bg5 e6 5. f3 exf3 6. Nxf3 Be7 7. Bd3 0-0 8. Qe2 d5 9. Ne5 Qe8 10. 0-0 Nc6 11. Nb5 Bd8 12. c3 a6 13. Na3 Bd7 14. Rf4 Nxe5 15. dxe5 Ne4 16. Rxf8+ Kxf8 17. Bxd8 Rxd8 18. Bxe4 dxe4 19. Qxe4 Kg8 20. Rf1 Bc6 21. Qg4 Qg6 22. Qxg6 hxg6 23. Rf2 Rd1+ 24. Rf1 Rd2 25. Rf2 Rd1+ 26. Rf1 Rd2 27. Rf2 1/2-1/2

[Event "GRE-chT 48th"]
[Site "Athens"]
[Date "2021.09.08"]
[Round "3.7"]
[White "Tsifetakis, Panagiotis"]
[Black "Nikolaou, Spiridon"]
[Result "0-1"]
[WhiteElo "1702"]
[BlackElo "2184"]
[PlyCount "78"]
[EventDate "2021.09.07"]
[EventType "team-swiss"]
[EventRounds "7"]
[EventCountry "GRE"]
[SourceTitle "CBM 204 Extra"]
[Source "ChessBase"]
[SourceDate "2021.11.30"]
[SourceVersion "1"]
[SourceVersionDate "2021.11.30"]
[SourceQuality "1"]
[WhiteTeam "Ykaryas"]
[BlackTeam "Peukees"]
[WhiteTeamCountry "GRE"]
[BlackTeamCountry "GRE"]

1. c4 g6 2. g3 Bg7 3. Bg2 d6 4. d4 Nf6 5. Nc3 0-0 6. Nf3 Nc6 7. 0-0 Bg4 8. h3 Bxf3 9. Bxf3 Nd7 10. e3 e5 11. dxe5 Ndxe5 12. Be2 Qd7 13. Kg2 Na5 14. e4 Nexc4 15. Rb1 Nb6 16. Bf4 Rfe8 17. Qc2 Nc6 18. Bg4 Qd8 19. Nd5 Nd4 20. Qd3 h5 21. Bd1 Nxd5 22. exd5 Qd7 23. Be3 Qf5 24. Qxf5 Nxf5 25. Bf4 Be5 26. Bd2 c6 27. dxc6 bxc6 28. b4 Rab8 29. Ba4 Rb6 30. Rfc1 Bxg3 31. Bxc6 Re2 32. Be1 Be5 33. a4 Rxe1 34. Rxe1 Rxc6 35. Re2 Rc3 36. Ra2 Nh4+ 37. Kf1 Rxh3 38. Ke2 Bd4 39. b5 Bxf2 0-1

[Event "Ambelokipi op 174th"]
[Site "Athens"]
[Date "2019.10.09"]
[Round "4"]
[White "Papadimitriou, Loukas"]
[Black "Nikolaou, Spiridon"]
[Result "0-1"]
[WhiteElo "2155"]
[BlackElo "2197"]
[PlyCount "58"]
[EventDate "2019.09.18"]
[EventType "swiss"]
[EventRounds "7"]
[EventCountry "GRE"]
[SourceTitle "EXT 2021"]
[Source "ChessBase"]
[SourceDate "2020.10.23"]
[SourceVersion "1"]
[SourceVersionDate "2020.10.23"]
[SourceQuality "1"]

1. d4 Nf6 2. c4 c5 3. d5 b5 4. cxb5 a6 5. f3 e6 6. e4 exd5 7. e5 Qe7 8. Qe2 Ng8 9. Nc3 Bb7 10. Nh3 c4 11. Nf4 Qc5 12. Ncxd5 Bxd5 13. Be3 Qxb5 14. a4 Qb7 15. Kf2 Be6 16. Nxe6 fxe6 17. Qxc4 Nc6 18. f4 Nge7 19. Rb1 Nd5 20. Bd2 Bb4 21. Bxb4 Qxb4 22. g3 Qb6+ 23. Kf3 0-0 24. Qe4 Qb3+ 25. Kg2 Ne3+ 26. Kh3 Nxf1 27. Rhxf1 Rab8 28. Rf3 Qd5 29. Qd3 Nxe5 0-1

[Event "Ambelokipi op 174th"]
[Site "Athens"]
[Date "2019.09.25"]
[Round "2"]
[White "Koerant, Filipos"]
[Black "Nikolaou, Spiridon"]
[Result "0-1"]
[WhiteElo "1766"]
[BlackElo "2197"]
[PlyCount "80"]
[EventDate "2019.09.18"]
[EventType "swiss"]
[EventRounds "7"]
[EventCountry "GRE"]
[SourceTitle "EXT 2021"]
[Source "ChessBase"]
[SourceDate "2020.10.23"]
[SourceVersion "1"]
[SourceVersionDate "2020.10.23"]
[SourceQuality "1"]

1. d4 Nf6 2. Nf3 g6 3. Bg5 Bg7 4. Nbd2 0-0 5. c3 d6 6. e4 c5 7. dxc5 dxc5 8. Bc4 Nc6 9. a4 Qc7 10. h3 h6 11. Be3 b6 12. 0-0 Nh5 13. Qc1 Bb7 14. Nb3 Kh7 15. g4 Ne5 16. Be2 Bxe4 17. Nh4 Nf6 18. Bf4 Bb7 19. Re1 Nfd7 20. Qe3 Qc6 21. f3 a6 22. Bg3 Bf6 23. a5 b5 24. Rad1 Rad8 25. Nd2 Bg5 26. Qf2 f5 27. gxf5 gxf5 28. Ng2 Rg8 29. Kf1 Rg7 30. h4 Bxd2 31. Rxd2 Rdg8 32. Bd3 Rxg3 33. Bxf5+ Kh8 34. Be4 Qc7 35. Qe3 Bxe4 36. Qxh6+ Bh7 37. Nf4 Rg1+ 38. Kf2 Rxe1 39. Ne6 Nd3+ 40. Rxd3 Qg3# 0-1

[Event "Kavala op 28th"]
[Site "Kavala"]
[Date "2019.08.10"]
[Round "8"]
[White "Nikolaou, Spiridon"]
[Black "Papakonstantinou, Dimitrios"]
[Result "0-1"]
[WhiteElo "2222"]
[BlackElo "2298"]
[PlyCount "56"]
[EventDate "2019.08.04"]
[EventType "swiss"]
[EventRounds "9"]
[EventCountry "GRE"]
[SourceTitle "CBM 191 Extra"]
[Source "ChessBase"]
[SourceDate "2019.09.30"]
[SourceVersion "1"]
[SourceVersionDate "2019.09.30"]
[SourceQuality "1"]

1. d4 Nf6 2. c4 d6 3. Nf3 g6 4. Nc3 Bg7 5. e4 0-0 6. h3 Nc6 7. d5 Nb4 8. Be2 a5 9. Be3 e6 10. 0-0 Na6 11. dxe6 Bxe6 12. Qd2 Re8 13. Rad1 Qc8 14. Bh6 Bh8 15. Qg5 Nc5 16. Qh4 Nfxe4 17. Nxe4 Nxe4 18. Nd4 Bd7 19. Bf3 Qd8 20. Qf4 Qf6 21. Qxf6 Bxf6 22. Rfe1 Nc5 23. Be3 Re7 24. b3 Rae8 25. Kf1 Kg7 26. Ne2 Ne4 27. Rc1 Bc6 28. Red1 Nxf2 0-1

[Event "Thessaloniki Vardaris op 5th"]
[Site "Thessaloniki"]
[Date "2019.03.10"]
[Round "6"]
[White "Nikolaou, Spiridon"]
[Black "Kesidis, Odyseas"]
[Result "1-0"]
[WhiteElo "2235"]
[BlackElo "2254"]
[PlyCount "99"]
[EventDate "2019.03.07"]
[EventType "swiss"]
[EventRounds "7"]
[EventCountry "GRE"]
[SourceTitle "CBM 189 Extra"]
[Source "ChessBase"]
[SourceDate "2019.06.03"]
[SourceVersion "1"]
[SourceVersionDate "2019.06.03"]
[SourceQuality "1"]

1. d4 Nf6 2. c4 e6 3. Nf3 Bb4+ 4. Nbd2 b6 5. a3 Bxd2+ 6. Qxd2 Bb7 7. e3 0-0 8. Be2 d6 9. b4 Nbd7 10. Bb2 Ne4 11. Qc2 f5 12. 0-0 Rf6 13. d5 Rh6 14. Rad1 c5 15. g3 Qe7 16. Ne1 Rc8 17. b5 Rf8 18. Ng2 Ng5 19. f4 Ne4 20. g4 Rh3 21. Rf3 Rxf3 22. Bxf3 exd5 23. cxd5 Ndf6 24. Nh4 fxg4 25. Nf5 Qe8 26. Bxe4 Qxe4 27. Qxe4 Nxe4 28. Nxg7 c4 29. Ne6 c3 30. Nxf8 cxb2 31. Rb1 Kxf8 32. Rxb2 Ke7 33. Rb4 Bxd5 34. Ra4 Nc3 35. Rxa7+ Ke6 36. a4 Bc4 37. Kf2 h5 38. Kg3 Kd5 39. a5 bxa5 40. b6 Kc6 41. Rc7+ Kxb6 42. Rxc4 Nd5 43. e4 Nf6 44. e5 dxe5 45. fxe5 Nd5 46. e6 Kb5 47. Re4 Nf6 48. Rf4 Ne8 49. Rf8 Nd6 50. e7 1-0

[Event "Thessaloniki Vardaris op 5th"]
[Site "Thessaloniki"]
[Date "2019.03.10"]
[Round "5"]
[White "Stanojoski, Zvonko"]
[Black "Nikolaou, Spiridon"]
[Result "1-0"]
[WhiteElo "2453"]
[BlackElo "2235"]
[PlyCount "81"]
[EventDate "2019.03.07"]
[EventType "swiss"]
[EventRounds "7"]
[EventCountry "GRE"]
[SourceTitle "CBM 189 Extra"]
[Source "ChessBase"]
[SourceDate "2019.06.03"]
[SourceVersion "1"]
[SourceVersionDate "2019.06.03"]
[SourceQuality "1"]

1. e4 c5 2. Nf3 d6 3. d4 cxd4 4. Nxd4 Nf6 5. Nc3 a6 6. h3 e5 7. Nde2 h5 8. g3 Be7 9. Bg2 Nbd7 10. a4 b6 11. Nd5 Nxd5 12. Qxd5 Rb8 13. 0-0 Bb7 14. Qd1 Nf6 15. Nc3 Rc8 16. Qe2 Qc7 17. Rd1 0-0 18. Bg5 g6 19. h4 Ne8 20. Bh6 Ng7 21. Bh3 Ra8 22. Nd5 Bxd5 23. Rxd5 Kh7 24. Be3 Ne6 25. Rd3 b5 26. Bxe6 fxe6 27. axb5 axb5 28. Rda3 Rxa3 29. Rxa3 Rb8 30. g4 b4 31. Ra6 Bxh4 32. gxh5 g5 33. Qg4 Qe7 34. Qd1 Rd8 35. Qd3 Rd7 36. Qb5 Kh6 37. Ra8 Kxh5 38. Rh8+ Kg6 39. Qe2 Qf7 40. Qh5+ Kf6 41. Rh6+ 1-0

[Event "Thessaloniki Vardaris op 5th"]
[Site "Thessaloniki"]
[Date "2019.03.09"]
[Round "3"]
[White "Stefan, Victor"]
[Black "Nikolaou, Spiridon"]
[Result "0-1"]
[WhiteElo "2065"]
[BlackElo "2235"]
[PlyCount "70"]
[EventDate "2019.03.07"]
[EventType "swiss"]
[EventRounds "7"]
[EventCountry "GRE"]
[SourceTitle "CBM 189 Extra"]
[Source "ChessBase"]
[SourceDate "2019.06.03"]
[SourceVersion "1"]
[SourceVersionDate "2019.06.03"]
[SourceQuality "1"]

1. d4 Nf6 2. c4 g6 3. Nc3 Bg7 4. e4 0-0 5. Nf3 d6 6. Be2 e5 7. d5 a5 8. Bg5 h6 9. Be3 Ng4 10. Bd2 Na6 11. h3 Nf6 12. g4 Nc5 13. Qc2 c6 14. Be3 cxd5 15. cxd5 Ncxe4 16. Nxe4 Nxd5 17. Qd2 Nxe3 18. fxe3 d5 19. Nc3 Be6 20. e4 dxe4 21. Qxd8 Raxd8 22. Nd2 f5 23. 0-0-0 e3 24. Nc4 f4 25. Nxa5 Rd4 26. Bf3 Rc8 27. Kb1 e4 28. Rxd4 exf3 29. Rxf4 Bxc3 30. bxc3 Bd5 31. c4 g5 32. Rd4 f2 33. cxd5 e2 34. Rdd1 exd1Q+ 35. Rxd1 Re8 0-1

[Event "Kavala op 27th"]
[Site "Kavala"]
[Date "2018.08.08"]
[Round "6"]
[White "Nikolaou, Spiridon"]
[Black "Sandalakis, Angelos"]
[Result "0-1"]
[WhiteElo "2207"]
[BlackElo "2444"]
[PlyCount "118"]
[EventDate "2018.08.05"]
[EventType "swiss"]
[EventRounds "9"]
[EventCountry "GRE"]
[SourceTitle "CBM 186 Extra"]
[Source "ChessBase"]
[SourceDate "2018.08.24"]
[SourceVersion "1"]
[SourceVersionDate "2018.08.24"]
[SourceQuality "1"]

1. Nf3 Nf6 2. g3 d5 3. Bg2 c6 4. 0-0 Bf5 5. d3 h6 6. Nfd2 e6 7. e4 Bh7 8. Nc3 Nbd7 9. h3 Be7 10. Kh1 b5 11. Qe2 b4 12. Nd1 0-0 13. e5 Ne8 14. f4 Nc7 15. Nf3 c5 16. Ne3 a5 17. g4 Re8 18. Qf2 Bf8 19. Qg3 a4 20. g5 h5 21. Nh4 Be7 22. Bf3 Bg6 23. f5 exf5 24. Nxd5 Ra6 25. Nxc7 Qxc7 26. Bf4 Qa7 27. Ng2 Nf8 28. Bd5 Ne6 29. Bc4 Rb6 30. Be3 Qa8 31. Kg1 Qd8 32. h4 Qb8 33. Rae1 Bd8 34. Bxe6 Rbxe6 35. Bxc5 Bb6 36. Bxb6 Qxb6+ 37. Qf2 Qc7 38. d4 Rc6 39. Re2 f4 40. Nxf4 Bxc2 41. Nd5 Qb7 42. Nxb4 Bg6 43. Nxc6 Qxc6 44. Rd1 Be4 45. Re3 Bd5 46. a3 Rb8 47. Rc3 Qe6 48. Rdd3 Qg4+ 49. Kf1 Be4 50. Re3 Bd5 51. Red3 Kh7 52. Ke1 Rb7 53. Rd2 Qe4+ 54. Re3 Qh1+ 55. Qf1 Qxh4+ 56. Kd1 Qxg5 57. Qd3+ g6 58. Kc1 Rb3 59. Rg3 Qxg3 0-1

[Event "Kavala op 27th"]
[Site "Kavala"]
[Date "2018.08.06"]
[Round "2"]
[White "Nikolaou, Spiridon"]
[Black "Petrov, Martin"]
[Result "1/2-1/2"]
[WhiteElo "2207"]
[BlackElo "2456"]
[PlyCount "93"]
[EventDate "2018.08.05"]
[EventType "swiss"]
[EventRounds "9"]
[EventCountry "GRE"]
[SourceTitle "CBM 186 Extra"]
[Source "ChessBase"]
[SourceDate "2018.08.24"]
[SourceVersion "1"]
[SourceVersionDate "2018.08.24"]
[SourceQuality "1"]

1. d4 Nf6 2. c4 e6 3. Nc3 Bb4 4. e3 0-0 5. Bd3 d5 6. Nf3 c5 7. 0-0 Nc6 8. a3 Bxc3 9. bxc3 dxc4 10. Bxc4 Qc7 11. Bb2 e5 12. h3 e4 13. Nd2 Rd8 14. Qe2 Bf5 15. Nb3 cxd4 16. cxd4 Nd5 17. Rac1 Rd6 18. f4 Rad8 19. Bxd5 Rxd5 20. Rc5 Be6 21. f5 Bc8 22. Qg4 Qd6 23. Qxe4 Ne7 24. Rxd5 Nxd5 25. Qf3 Qb6 26. e4 Nf6 27. e5 Nd5 28. Rf2 Ne7 29. f6 Nf5 30. fxg7 Be6 31. Nc5 Nxd4 32. Qf6 Nf3+ 33. Qxf3 Qxc5 34. Kh2 Rd3 35. Qxd3 Qxf2 36. Qd8+ Kxg7 37. Qg5+ Kf8 38. Bc3 Ke8 39. Bb4 Kd7 40. Qe7+ Kc6 41. Qd6+ Kb5 42. Qd3+ Kc6 43. Qc3+ Kd5 44. Qd3+ Kc6 45. Qc3+ Kd5 46. Qd3+ Kc6 47. Qc3+ 1/2-1/2

[Event "Veliko Gradiste Silver Lake op"]
[Site "Veliko Gradiste"]
[Date "2018.06.23"]
[Round "8"]
[White "Dinev, Dejan"]
[Black "Nikolaou, Spiridon"]
[Result "1/2-1/2"]
[WhiteElo "2285"]
[BlackElo "2201"]
[PlyCount "50"]
[EventDate "2018.06.17"]
[EventType "swiss"]
[EventRounds "9"]
[EventCountry "SRB"]
[SourceTitle "CBM 185 Extra"]
[Source "ChessBase"]
[SourceDate "2018.07.29"]
[SourceVersion "1"]
[SourceVersionDate "2018.07.29"]
[SourceQuality "1"]

1. e4 c5 2. Nc3 Nc6 3. f4 e6 4. Nf3 d5 5. Bb5 Nf6 6. d3 Be7 7. 0-0 0-0 8. Bxc6 bxc6 9. Qe2 c4 10. d4 Nxe4 11. Nxe4 dxe4 12. Qxe4 Qd5 13. Qe2 a5 14. c3 c5 15. Be3 cxd4 16. Bxd4 Bb7 17. Rad1 Qe4 18. Qd2 Qf5 19. Ne5 Rac8 20. Qe2 Rfd8 21. Rd2 Bd5 22. Bb6 Re8 23. Bd4 Red8 24. Bb6 Re8 25. Bd4 Red8 1/2-1/2

[Event "Veliko Gradiste Silver Lake op"]
[Site "Veliko Gradiste"]
[Date "2018.06.20"]
[Round "5"]
[White "Nikolaou, Spiridon"]
[Black "Ashid, Tsetsegulzii"]
[Result "1/2-1/2"]
[WhiteElo "2201"]
[BlackElo "2013"]
[PlyCount "43"]
[EventDate "2018.06.17"]
[EventType "swiss"]
[EventRounds "9"]
[EventCountry "SRB"]
[SourceTitle "CBM 185 Extra"]
[Source "ChessBase"]
[SourceDate "2018.07.29"]
[SourceVersion "1"]
[SourceVersionDate "2018.07.29"]
[SourceQuality "1"]

1. d4 d5 2. Nf3 e6 3. c4 c6 4. e3 Nf6 5. Bd3 dxc4 6. Bxc4 b5 7. Bd3 a6 8. a4 b4 9. e4 Nbd7 10. 0-0 c5 11. d5 exd5 12. exd5 Be7 13. Re1 Nb6 14. d6 Qxd6 15. Bb5+ Kf8 16. Qxd6 Bxd6 17. Bc6 Ra7 18. Rd1 Be7 19. Bf4 Nbd7 20. Nbd2 Bb7 21. Bxb7 Rxb7 22. Nc4 1/2-1/2

[Event "Nikaia op 25th"]
[Site "Nikaia"]
[Date "2017.09.02"]
[Round "8"]
[White "Nikolaou, Spiridon"]
[Black "Delithanasis, Dimitrios"]
[Result "1-0"]
[WhiteElo "2196"]
[BlackElo "2007"]
[PlyCount "63"]
[EventDate "2017.08.26"]
[EventType "swiss"]
[EventRounds "9"]
[EventCountry "GRE"]
[SourceTitle "CBM 180 Extra"]
[Source "ChessBase"]
[SourceDate "2017.10.06"]
[SourceVersion "1"]
[SourceVersionDate "2017.10.06"]
[SourceQuality "1"]

1. d4 Nf6 2. c4 Nc6 3. Nf3 e6 4. g3 g6 5. Bg2 Bg7 6. 0-0 0-0 7. b3 d5 8. Bb2 b6 9. Nbd2 Bb7 10. Rc1 Qe7 11. a3 Ne4 12. Qc2 Nxd2 13. Qxd2 Na5 14. Qe3 dxc4 15. b4 Nb3 16. Rxc4 Bd5 17. Rc2 a5 18. Ne5 Bxg2 19. Kxg2 a4 20. Rd1 Rac8 21. f3 Qd6 22. Rd3 Qd5 23. Qf4 g5 24. Qxg5 f6 25. Qg4 fxe5 26. dxe5 Qb5 27. Qxe6+ Kh8 28. Rd7 Rce8 29. Qg4 Bxe5 30. Bxe5+ Qxe5 31. Rcxc7 Qf5 32. Qg7# 1-0

[Event "Nikaia op 25th"]
[Site "Nikaia"]
[Date "2017.08.30"]
[Round "5"]
[White "Kanellos, Dimitrios V"]
[Black "Nikolaou, Spiridon"]
[Result "0-1"]
[WhiteElo "2033"]
[BlackElo "2196"]
[PlyCount "72"]
[EventDate "2017.08.26"]
[EventType "swiss"]
[EventRounds "9"]
[EventCountry "GRE"]
[SourceTitle "CBM 180 Extra"]
[Source "ChessBase"]
[SourceDate "2017.10.06"]
[SourceVersion "1"]
[SourceVersionDate "2017.10.06"]
[SourceQuality "1"]

1. d4 Nf6 2. c4 g6 3. Nf3 Bg7 4. g3 0-0 5. Bg2 c6 6. 0-0 d6 7. Nc3 Qa5 8. d5 Qa6 9. Nd2 cxd5 10. cxd5 Nbd7 11. Nb3 Nb6 12. h3 Bd7 13. e4 Na4 14. Nxa4 Bxa4 15. Bg5 Rfc8 16. f4 Qb6+ 17. Kh2 Rc7 18. e5 Ne8 19. Qf3 h6 20. Bh4 Bxb3 21. axb3 Qd4 22. Rf2 b5 23. Rd1 Qb4 24. Rg1 Rac8 25. f5 g5 26. f6 exf6 27. e6 gxh4 28. Bf1 Rc2 29. Bd3 Rxf2+ 30. Qxf2 fxe6 31. Qe2 e5 32. Bf5 Rc7 33. Be6+ Kf8 34. Qd3 Qd4 35. Qg6 Qf2+ 36. Kh1 hxg3 0-1

[Event "Kavala op 26th"]
[Site "Kavala"]
[Date "2017.08.04"]
[Round "9"]
[White "Nikolaou, Spiridon"]
[Black "Stefanov, Emil"]
[Result "1-0"]
[WhiteElo "2231"]
[BlackElo "2466"]
[PlyCount "67"]
[EventDate "2017.07.28"]
[EventType "swiss"]
[EventRounds "9"]
[EventCountry "GRE"]
[SourceTitle "CBM 179 Extra"]
[Source "ChessBase"]
[SourceDate "2017.08.23"]
[SourceVersion "1"]
[SourceVersionDate "2017.08.23"]
[SourceQuality "1"]

1. d4 g6 2. c4 Bg7 3. e4 d6 4. Ne2 e5 5. Nbc3 Nc6 6. d5 Nce7 7. Ng3 f5 8. exf5 Nxf5 9. Nxf5 gxf5 10. Be2 Ne7 11. h4 c5 12. h5 h6 13. g4 Qb6 14. Rg1 Bf6 15. gxf5 Bxf5 16. Bd3 Bxd3 17. Qxd3 0-0-0 18. Ne4 Rdf8 19. Be3 Bg5 20. Bxg5 hxg5 21. Rxg5 Rf4 22. 0-0-0 Rh4 23. Rdg1 R4xh5 24. Rxh5 Rxh5 25. Qf3 Rf5 26. Qh3 Qa6 27. Kb1 Kd8 28. Qh8+ Kd7 29. Nf6+ Rxf6 30. Qxf6 Qxc4 31. Qe6+ Kd8 32. Qxd6+ Ke8 33. Qe6 Kd8 34. Qxe5 1-0

[Event "GRE-chT 45th"]
[Site "Achaia"]
[Date "2017.07.04"]
[Round "2.2"]
[White "Nikolaou, Spiridon"]
[Black "Tsolakidou, Stavroula"]
[Result "0-1"]
[WhiteElo "2231"]
[BlackElo "2365"]
[PlyCount "78"]
[EventDate "2017.07.03"]
[EventType "team-swiss"]
[EventRounds "7"]
[EventCountry "GRE"]
[SourceTitle "CBM 179 Extra"]
[Source "ChessBase"]
[SourceDate "2017.08.23"]
[SourceVersion "1"]
[SourceVersionDate "2017.08.23"]
[SourceQuality "1"]
[WhiteTeam "Korinthias Argonaftis"]
[BlackTeam "Kavalas CN"]
[WhiteTeamCountry "GRE"]
[BlackTeamCountry "GRE"]

1. d4 Nf6 2. c4 e6 3. Nf3 c5 4. d5 d6 5. Nc3 exd5 6. cxd5 g6 7. Bf4 a6 8. a4 Bg7 9. h3 0-0 10. e3 Ne8 11. Be2 Nd7 12. 0-0 b6 13. Nd2 Ne5 14. Qc2 Rb8 15. Bg3 f5 16. f4 Nf7 17. Rab1 Nc7 18. Bf3 Bb7 19. Rfd1 b5 20. axb5 axb5 21. Nb3 Qe8 22. Bf2 Ra8 23. g4 b4 24. Ne2 fxg4 25. hxg4 Qd7 26. Kg2 Nh6 27. g5 Ng4 28. Ng3 Rae8 29. Qd2 Ne5 30. fxe5 Rxf3 31. Kxf3 Bxd5+ 32. e4 Bxb3 33. Rh1 Bxe5 34. Rh4 Rf8+ 35. Kg2 Qf7 36. Rg1 Qf3+ 37. Kf1 Bxg3 38. Rxg3 Qxg3 39. Ke1 Qf3 0-1